000 00637nam a22002057a 4500
005 20240215123007.0
010 _aENG-139291 EN-122823
020 _c525.00
_a9788170589877
035 _aENG-139291
035 _aEN-122823
037 _bSRI/PUB
082 _a582.16
245 _aHOMAGE TO THE SERVICE TREE/
250 _a1
_b2012
260 _aINDIA
_bSRI AUROBINDO ASHRAM PUBLICATION DEPARTMENT
_c2012
270 _bPONDICHERRY
_aSRI AUROBINDO ASHRAM PRESS, PONDICHERRY INDIA
300 _a73p.
_c23cm(pb)
500 _aPrinciples, Concepts, and Applications What, Why and How
942 _2ddc
_cEN
_h582.16
_e1
999 _c200769
_d200769